000 00734nam a22002057a 4500
001 129907
003 ES-SlBCS
005 20260309094415.0
008 260309b ||||| |||| 00| 0 spa d
017 _aM 21621-2025
_bMadrid
020 _a978-84-8440-958-8
040 _aES-SlBCS
_bspa
_dES-SlBCS
100 1 _aRomán Martínez, Carmen (coord.) - Mariño Rico, Águeda - Martínez Higueras, Mariela
_9429371
245 1 _aMientras haya personas, hay esperanza. Adviento y Navidad 2025-2026.
_bGuiones litúrgicos Ciclo A.
_cCARITAS
260 _aMadrid
_bCARITAS
_c2025
300 _a232 p.,
_c21 cm.
490 0 _aGuiones litúrgicos Ciclo A
650 0 _aLITURGIA
_vGuiones Ciclo A
_xAdviento y Navidad
_9429372
942 _2lcc
_cBK
999 _c904016
_d904016